000 00519nam a2200181Ia 4500
001 16127
005 20260306170246.0
008 260306t1999||||xx |||||||||||||| ||und||
041 _aESP
082 _a346.65
_bD71
100 _aDíaz Romero, María del Rosario
_eAUT
245 0 _aLa aportación a sociedad de vivienda arrendada como supuesto del derecho de retracto legal del arrendatario
260 _c1999
300 _a124 páginas :
_c21 cm.
650 _aGEN
654 _aCDE
942 _cLIB
_dJUS
_fJUS
_2ddc
_n
999 _c16127
_d16127